[Event "Veneto-ch qf 81st"]
[Site "Verona"]
[Date "2022.05.08"]
[Round "5.18"]
[White "Coghi, Simone"]
[Black "Gneo, Marco"]
[Result "0-1"]
[WhiteElo "999"]
[BlackElo "1687"]
[PlyCount "78"]
[EventDate "2022.05.06"]
[EventType "swiss"]
[EventRounds "5"]
[EventCountry "ITA"]
[SourceTitle "EXT 2024"]
[Source "ChessBase"]
[SourceDate "2023.10.10"]
[SourceVersion "1"]
[SourceVersionDate "2023.10.10"]
[SourceQuality "1"]

1. d4 Nf6 2. c4 e6 3. Nf3 b6 4. g3 Bb7 5. Bg2 d5 6. cxd5 exd5 7. 0-0 Be7 8. Bf4 0-0 9. Nc3 a6 10. Qc2 Nbd7 11. e3 Nh5 12. Ne2 Nxf4 13. Nxf4 Rc8 14. Qb3 Nf6 15. Nd2 g5 16. Nd3 Ba8 17. Rac1 c5 18. dxc5 bxc5 19. Ne5 Bd6 20. f4 gxf4 21. gxf4 Rb8 22. Qc3 Qb6 23. Nb3 d4 24. exd4 cxd4 25. Qd3 Bxg2 26. Kxg2 Kh8 27. Rc2 Qb7+ 28. Rf3 Rbc8 29. Rxc8 Rxc8 30. Qxd4 Rc2+ 31. Kg3 Ne4+ 32. Kg4 Kg8 33. Kf5 Bxe5 34. fxe5 Nd6+ 35. exd6 Qxf3+ 36. Qf4 Qd5+ 37. Kg4 Rc4 38. Qxc4 Qxc4+ 39. Kf5 Qd5+ 0-1